<?xml version="1.0" encoding="UTF-8"?>
<record
    xmlns:xsi="http://www.w3.org/2001/XMLSchema-instance"
    xsi:schemaLocation="http://www.loc.gov/MARC21/slim http://www.loc.gov/standards/marcxml/schema/MARC21slim.xsd"
    xmlns="http://www.loc.gov/MARC21/slim">

  <leader>00432nam a22001457a 4500</leader>
  <controlfield tag="005">20180721104113.0</controlfield>
  <datafield tag="020" ind1=" " ind2=" ">
    <subfield code="a">8175345349</subfield>
    <subfield code="c">225.00</subfield>
  </datafield>
  <datafield tag="035" ind1=" " ind2=" ">
    <subfield code="a">B-220654, B-220651</subfield>
  </datafield>
  <datafield tag="037" ind1=" " ind2=" ">
    <subfield code="a">DPL</subfield>
    <subfield code="b">ENG</subfield>
  </datafield>
  <datafield tag="100" ind1=" " ind2=" ">
    <subfield code="a">Gafoor, K A Abdul</subfield>
  </datafield>
  <datafield tag="245" ind1=" " ind2=" ">
    <subfield code="a">Law of private defence /</subfield>
    <subfield code="c">by K A Abdul Gafoor</subfield>
  </datafield>
  <datafield tag="260" ind1=" " ind2=" ">
    <subfield code="a">New Delhi</subfield>
    <subfield code="b">Universal Law Publishing Co.</subfield>
    <subfield code="c">2006</subfield>
  </datafield>
  <datafield tag="300" ind1=" " ind2=" ">
    <subfield code="a">ix, 172p.</subfield>
    <subfield code="c">20 cms.</subfield>
  </datafield>
  <datafield tag="942" ind1=" " ind2=" ">
    <subfield code="2">ddc</subfield>
    <subfield code="c">EN</subfield>
    <subfield code="h">345.5404</subfield>
    <subfield code="m">ABD</subfield>
  </datafield>
  <datafield tag="999" ind1=" " ind2=" ">
    <subfield code="c">67483</subfield>
    <subfield code="d">67483</subfield>
  </datafield>
  <datafield tag="952" ind1=" " ind2=" ">
    <subfield code="0">0</subfield>
    <subfield code="1">0</subfield>
    <subfield code="4">0</subfield>
    <subfield code="7">0</subfield>
    <subfield code="8">NFIC</subfield>
    <subfield code="a">ZLS</subfield>
    <subfield code="b">ZLS</subfield>
    <subfield code="d">2012-06-04</subfield>
    <subfield code="g">225.00</subfield>
    <subfield code="l">4</subfield>
    <subfield code="o">345.5404 ABD</subfield>
    <subfield code="p">B-220654</subfield>
    <subfield code="r">2022-03-14 00:00:00</subfield>
    <subfield code="s">2022-02-28</subfield>
    <subfield code="v">225.00</subfield>
    <subfield code="w">2012-06-04</subfield>
    <subfield code="y">EN</subfield>
  </datafield>
  <datafield tag="952" ind1=" " ind2=" ">
    <subfield code="0">0</subfield>
    <subfield code="1">0</subfield>
    <subfield code="4">0</subfield>
    <subfield code="7">0</subfield>
    <subfield code="8">NFIC</subfield>
    <subfield code="a">BL1</subfield>
    <subfield code="b">BL1</subfield>
    <subfield code="d">2018-07-21</subfield>
    <subfield code="e">BPPD/Pub</subfield>
    <subfield code="g">225.00</subfield>
    <subfield code="l">3</subfield>
    <subfield code="o">345.5404 ABD</subfield>
    <subfield code="p">B-220651</subfield>
    <subfield code="r">2019-11-29 00:00:00</subfield>
    <subfield code="s">2019-11-27</subfield>
    <subfield code="v">225.00</subfield>
    <subfield code="w">2018-07-21</subfield>
    <subfield code="y">EN</subfield>
  </datafield>
</record>
